Countries Cyril Ramaphosa has Visited - Statistics

General Stats
  • This quiz has been taken 64 times
    31 since last reset
  • The average score is 30 of 39
Answer Stats
Continent Country % Correct
Africa Angola
92%
South America Brazil
92%
Asia China
92%
Africa Egypt
92%
Africa Ethiopia
92%
Europe France
92%
Europe Germany
92%
Asia India
92%
Asia/ Europe Russia
92%
Africa Botswana
83%
Asia Indonesia
83%
Africa Mozambique
83%
Africa Namibia
83%
Africa Niger
83%
Africa Nigeria
83%
Africa Uganda
83%
Europe United Kingdom
83%
Africa Zimbabwe
83%
South America Argentina
75%
Africa Burundi
75%
Africa Democratic Republic of the Congo
75%
Africa Ghana
75%
Africa Ivory Coast
75%
Africa Lesotho
75%
Africa Malawi
75%
Asia Qatar
75%
Africa Senegal
75%
Africa Tanzania
75%
Africa Zambia
75%
Europe Belgium
67%
North America Canada
67%
Africa Guinea
67%
Asia Japan
67%
Africa Rwanda
67%
Africa Swaziland
67%
Asia United Arab Emirates
67%
Africa Togo
58%
Europe Switzerland
50%
Europe Ukraine
42%
No matching quizzes found
Score Distribution
Percent of People with Each Score
Percentile by Number Answered
Your Score History
You have not taken this quiz since the last reset